00308 a2200109 450000500170000002000180001708200160003511100150005124500780006626000350014430000190017920250626095728.0 a9780821359846 a332.042 WOR aWORLD BANK aGlobal Development Finance: Mobilizing Finance and Managing Vulnerability aAppendixbTHE WORLD BANKc2005 aXiii,171c25cm